00804nam a2200265Ia 4500001000600000003000900006008004100015040001300056040001300069041001300082100002300095100002900118245004900147245002900196250001100225260001000236260000900246260004900255300005700304500005500361650004300416650003100459700001900490700002900509A2149IT-RoPAU130308s9999 xx 000 0 und d aIT-RoPAU cIT-RoPAU aFRANCESE aCouval Jean-Claude gCodice Aut. SPICS: 34928 aEnfant face a son image (L'): l'autoportrait bEnfant Dans L'Image (L') a1a ed. aPARIS bRetz c1987 [1° Ed.:1987 - Ed.Ling.Originale:1987] a"2 p. (prefazione: no ; testo: 2 [pagine: 122-123])" aBambino di Fronte Alla Sua Immagine: Autoritratto. aSOCIOLOGIA DELLA COMUNICAZIONE SOCIALE eCodice materia Spics: 3806 aJacquemin Alex gCodice Aut. SPICS: 34929